| 000 | 01202cam a22003494i 4500 | ||
|---|---|---|---|
| 001 | 13858699 | ||
| 003 | EG-ScBUE | ||
| 005 | 20260318093858.0 | ||
| 008 | 050202t2006 njua f d 001 0 eng d | ||
| 020 | _a0131469061 | ||
| 020 | _a9780131469068 | ||
| 040 |
_aEG-ScBUE _beng _erda _cEG-ScBUE _dEG-ScBUE |
||
| 082 | 0 | 4 |
_a580.14 _222 _bGRA |
| 100 | 1 |
_aGraham, Linda E., _d1946- _931097 _eauthor. |
|
| 245 | 1 | 0 |
_aPlant biology / _cLinda E. Graham, University of Wisconsin, James M. Graham, University of Wisconsin, Lee W. Wilcox, University of Wisconsin. |
| 250 | _aSecond edition. | ||
| 264 | 1 |
_aUpper Saddle River, NJ : _bPearson/Prentice Hall, _c[2006] |
|
| 264 | 4 | _cc2006 | |
| 300 |
_axxix, 670 pages : _billustrations (chiefly color) ; _c29 cm |
||
| 336 |
_2rdacontent _atext _btxt |
||
| 337 |
_aunmediated _2rdamedia _bn |
||
| 338 |
_avolume _bnc _2rdacarrier |
||
| 500 | _aIncludes index. | ||
| 500 | _aIncludes glossary. | ||
| 500 | _aIncludes Appendices. | ||
| 650 | 7 |
_aBotany _vTextbooks. _931098 _2BUEsh |
|
| 653 | _cOctober2012 | ||
| 655 | _vReading book | ||
| 700 | 1 |
_aGraham, James M., _d1945- _931099 _eauthor. |
|
| 700 | 1 |
_aWilcox, Lee Warren, _931100 _eauthor. |
|
| 942 |
_2ddc _cBB |
||
| 999 |
_c17068 _d17040 |
||